States With Lebanon Sudden Death - Statistics

General Stats
  • This quiz has been taken 31 times
  • The average score is 4 of 24
Answers on the Grid
Answers color-coded by a green-red scale on the quiz's grid according to % correct below.
Alabama
Alaska
Arizona
Arkansas
California
Colorado
Connecticut
Delaware
Florida
Georgia
Hawaii
Idaho
Illinois
Indiana
Iowa
Kansas
Kentucky
Louisiana
Maine
Maryland
Massachusetts
Michigan
Minnesota
Mississippi
Missouri
Montana
Nebraska
Nevada
New Hampshire
New Jersey
New Mexico
New York
North Carolina
North Dakota
Ohio
Oklahoma
Oregon
Pennsylvania
Rhode Island
South Carolina
South Dakota
Tennessee
Texas
Utah
Vermont
Virginia
Washington
West Virginia
Wisconsin
Wyoming
 
Answer Stats
Answer % Correct
Pennsylvania
83%
Texas
67%
New York
33%
Tennessee
33%
Delaware
17%
Illinois
17%
Nebraska
17%
New Hampshire
17%
New Jersey
17%
North Carolina
17%
Ohio
17%
Oklahoma
17%
Oregon
17%
South Dakota
17%
Virginia
17%
Colorado
0%
Connecticut
0%
Georgia
0%
Kentucky
0%
Maine
0%
Missouri
0%
North Dakota
0%
South Carolina
0%
Wisconsin
0%
No matching quizzes found
Score Distribution
Percent of People with Each Score
Percentile by Number Answered
Your Score History
You have not taken this quiz